00321nam a2200121 a 450000100100000000500170001000800410002704000250006808200130009324500210010626000520012730000200017900003694920200930080036.0120207s1951 enk 000 0 spa d aDO-SdBNPbspacBNPHU axxxbxxx00aSugar year book. aLondon :bInternacional Sugar Council,c[1951]. a86 p. ;c14 cm.